Complete the Card - WWE Royal Rumble 2012 - Statistics

General Stats
  • This quiz has been taken 476 times
  • The average score is 12 of 18
Answer Stats
Answer % Correct
Sheamus
96%
John Cena
93%
CM Punk
91%
The Big Show
89%
Daniel Bryan
87%
Mark Henry
85%
Kane
77%
Brie Bella
73%
Dolph Ziggler
73%
Nikki Bella
72%
Natalya
67%
Beth Phoenix
63%
Eve Torres
61%
Kelly Kelly
57%
Alicia Fox
50%
Brodus Clay
36%
Drew McIntyre
35%
Tamina Snuka
35%
No matching quizzes found
Score Distribution
Percent of People with Each Score
Percentile by Number Answered
Your Score History
You have not taken this quiz